|
|
|
|
| LEADER |
00808nam a2200217 i 4500 |
| 001 |
c000246743 |
| 003 |
CARM |
| 005 |
00000000000000.0 |
| 008 |
840311s1965 enk 0 eng d |
| 019 |
1 |
|
|a 55534372
|z 8486013
|5 LACONCORD2021
|
| 035 |
|
|
|a (OCoLC)4117071
|5 LACONCORD2021
|
| 082 |
0 |
4 |
|a 338.1842
|
| 100 |
1 |
|
|a Bramley, Margaret.
|
| 245 |
1 |
0 |
|a Farming and food supplies :
|b the case for expansion of British agriculture.
|
| 260 |
|
|
|a London :
|b Allen & Unwin,
|c [1965].
|
| 300 |
|
|
|a 131 p.
|
| 650 |
|
0 |
|a Agriculture and state
|z Great Britain.
|
| 650 |
|
0 |
|a Food supply.
|
| 852 |
8 |
|
|b CARM
|h A2:AR19A0
|i B07123
|p 0369763
|f BK
|
| 999 |
f |
f |
|i 8b1f9743-5634-5272-b015-a6d1e116eb69
|s 9bb26c66-971b-5974-90a0-3eb4e33a44c0
|
| 952 |
f |
f |
|p Can circulate
|a CAVAL
|b CAVAL
|c CAVAL
|d CARM 1 Store
|e B07123
|f A2:AR19A0
|h Other scheme
|i book
|m 0369763
|